MDQL
is popping MORE tags! Check the
thread
!
Quizzes
Events
Quiz Creation
Community
Videos
Private Events
Remove Ads
Sign In
Join for FREE
Feedback
Dark Mode
Quiz Categories
Sports
Geography
Music
Movies
Television
Just For Fun
Miscellaneous
History
Literature
Language
Science
Gaming
Entertainment
Religion
Holiday
For Kids
Quiz Lab
Recent
Popular Today
Quiz Kudos Today
Editor Picks
Curator Picks
Quizzes by...
Day
Popularity
Type
Ratings
Length
Year
Community
Subscriptions
Recent Discussions
Orange Saloon
Badges
Playlists
Quests
Create
Leaderboards
Showdown
Live 5
Trivia Bingo
Activity
Puzzle Library
Sporcle Events
Private Events
Virtual Trivia
Globe League
Become a Host
Pub Owners
SporcleCon
Opinionation
Our Games
Videos
Blog
Mobile Apps
Partnerships
Remove Ads and Go Orange
Feedback
Movies
Disney
Marvel Cinematic Universe
Movie Resume
Movie Titles
Oscar
Actor
Actress
Director
Pixar
Role
Movie Quotes
Movie Characters
Box Office
Nominee
Best Picture
Star Wars
James Bond
Horror Movies
Movies
Disney
Marvel Cinematic Universe
Movie Resume
Movie Titles
Oscar
Actor
Actress
Director
Pixar
Role
Movie Quotes
Movie Characters
Box Office
Nominee
Best Picture
Star Wars
James Bond
Horror Movies
Random Quiz
Search Sporcle
×
Quiz Lab
Quiz Lab
Movies
Heavyweight
Type in answers that appear in a list
Type in answers that appear in a list
Classic
Best Score? Go Orange.
Heavyweights Trivia Stats
Can you name the answers to these Heavyweights trivia questions?
By
mizzuzjoja
10m
50 Questions
864 Plays
864 Plays
864 Plays
Comments
Comments
Give Quiz Kudos
Give Quiz Kudos
-
- Ratings
hide this ad
Forced Order
Answers have to be entered in order
Answers have to be entered in order
Replay
Link that replays current quiz
Next Quiz
Link to next quiz in quiz playlist
You Got
0%
They Got
Avg Score
53%
Avg Friend Score
Upgrade to see
Score Distribution
Jump to the score distribution portion of the page
Score
0/50
Timer
10:00
0
Plays Today
Question
Answer
% Correct
According to Josh, who does the candy found by Tony in the cabin belong to?
Seymour Butts
82.2%
To whom does Gerry write letters from camp?
his grandma
79.6%
Who is the only Camp Hope player to reach base during the softball game against Camp MVP?
Gerry
74.7%
What nickname is Gerry given by his cabinmates?
Captain
73.4%
Who does Lars congratulate on being the fattest boy in camp?
Mr. Simms
73.3%
Who asserts that he is 'feeling skinny, Tony?'
Lars
73.1%
Where is Lars from?
far away
71.8%
What is the password to gain access to Tony's makeshift jail cell?
Yankee Doodles
69.8%
To what kind of camp did Gerry's dad NOT send him?
go-kart camp
69%
Which NHL team is Gerry presumably a fan of?
New York Islanders
68.5%
What cabin are Gerry and his friends in?
Chipmunks
67.9%
Why does Tony cancel lunch?
lack of hustle
67.8%
What item does Tony pick up during his jog through the woods?
a devil log
64.6%
What does Tony eat for breakfast (figuratively speaking, of course)?
success...with skim milk
64.4%
What is the name of the inflatable water trampoline at Camp Hope that Lars sadistically spears?
The Blob
64.4%
What food does Gerry 'very sneakily' bring into camp with him-
-
for emergencies?
Oreos
63.2%
What is Josh's response to Roy's information that the new nurse is very attractive?
'This pleases me.'
61.6%
What candy is Roy 'packin' in his sock?
Pez
61.5%
Who has broken Lars' camera?
Roy
61.1%
How long has Josh been shaving?
a couple of years
59.6%
Who does Lars have the hots for?
Nurse Julie
59.1%
Who does the Camp MVPer confuse with the Mona Lisa during the Apache Relay?
Cher
58.2%
What is Simms' only line in the movie?
'He's coming!'
57.6%
How does Kenny the cameraman tell Tony that he's rolling?
'Speed.'
57.3%
Which camper is seemingly always in tears?
Simms
55.6%
Question
Answer
% Correct
How long has Pat been at Camp Hope?
18 years
55.4%
What important life lesson does Roy learn after the campers' wild night of partying and eating?
'Don't put Twinkies on your pizza.'
54.7%
What does Tony Perkis Sr. tell the campers to call him?
Papa
54.3%
What is Gerry's dad's name?
Maury
53.9%
What does Phil say when Gerry and the others find him eating a burger in a bathroom stall and ask him where he got it?
'I found it.'
52.9%
What is the answer to the math problem posed by Kenny the cameraman during the Apache Relay?
11
52.7%
How is 'Little Tony' doing?
bad
52.4%
What all-
you-
can-
eat place does Josh patronize and, apparently, close down during his time away from Camp Hope?
the Sizzler
52.1%
Who does Tony erroneously believe may one day be the president of the United States?
Nicholas
51.6%
Which camper gets kissed at the dance?
Salami Sam
50.5%
Who does Pat introduce as 'a camp legend?'
Josh
48.4%
How much does Gerry weigh initially, according to his ID card?
141 pounds
46.3%
What is Pat's last name?
Finley
46.2%
During what song does Tim jump out onto the dance floor and 'blow a microchip?'
'Love Machine' by the Miracles
45.5%
Who is Josh's 'buddy' in Lars' 'body system?'
no one
44.3%
What level of the Perkis system involves getting a giant ice block broken over your bare abdomen?
the 18th
35.8%
What is the name of Camp Hope's previous owners?
the Bushkins
35.5%
According to Tony, who must be left to fend for themselves, like he was?
stragglers
35%
Who gets hit with an errant bat at the softball game?
Kenny the cameraman
34%
What is the name of the lecture Tony announces over the PA system?
Liposuction: Option or Obsession?
29.1%
According to Tony, what percentage of Americans forget to stretch before physical activity?
76%
28.4%
What three-
word phrase is on the t-
shirt Gerry's friend is wearing at the very beginning?
MEAN PEOPLE SUCK
26.5%
What is the first thing Roy says to Gerry?
'Headed to fat camp?'
24.8%
What is the name of the Camp Hope representative who visits Gerry's home, expertly played by Tim Blake Nelson?
Roger Johnson
19.3%
Where and with whom is Josh living after his mysterious disappearance, according to Sam?
'in the park in New York with a guy who has no legs'
6.9%
Quiz Playlist
Details
Report
Send in Message
Add To Playlist
Classic:
Type in answers that appear in a list
Forced Order:
Answers have to be entered in order
Last Updated: Feb 16, 2017
Quiz Scoreboard
CHALLENGE
Sign Up to Join the Scoreboard
Show All
Scores
Hide
Comments
May contain spoilers
Recently Published
Image Sorting: Flags VI
by Barbecue
Geography
2m
Find the 'City' Movie
by crazypaving
Movies
60s
Colored Red Africa Blitz
by spor1
Geography
45s
More to Explore
Quiz From the Vault
Featured Blog Post
14 Easter Pick-up Lines to Find Eggs With
hide this ad
You Might Also Like...
Tags
Heavyweight
Today's Top Quizzes in Movies
Browse Movies
hide this ad
Today's Top Quizzes in Heavyweight
Browse Heavyweight
Top Contributed Quizzes in Movies
1
Find The 'Big' Movie
2
Find The 'Blue' Movie
3
Find The 'Wild' Movie
4
Movies By Plot
5
The ultimate James Bond movie quiz
6
Hidden Star Wars Character II
7
Pick 5 Posters: Directed by Spielberg
8
Hidden Star Wars Character III
9
Hidden Star Wars Character IV
10
25 Best Actor Nominees (1990s)
Explore More
Trending Topics
Crossword
NBA
Marvel
Harry Potter
Anime
Kpop
Disney
NFL
The Office
WWE
Pokémon
Song
Puzzle
Soccer
Country
hide this ad
More By:
mizzuzjoja
Quiz
Plays
Rating
Category
Featured
Created
Ultimate South Park Trivia
10,075
4.05
Television
Oct 31, 2009
Blur Songs
5,617
4.56
Music
Oct 10, 2009
Name That Goalie
1,467
4.64
Sports
Nov 7, 2009
Heavyweights Trivia
864
4.67
Movies
Nov 5, 2009
'Tonight' Songs
268
4.50
Music
Oct 28, 2009
Go to Creator's Profile
Score Distribution
Quiz Creator Spotlight
mizzuzjoja
Follow
Send a Message
Quizzes Created
-
Created Quiz Play Count
-
More By This Creator
Popular Quizzes Today
1
Colored Red Africa Blitz
2
Find the US States - No Outlines Minefield
3
Find the 'City' Movie
4
5x2 Blitz: Bands
5
The Countries of the World
6
Find the US States
7
Find the Countries of Europe - No Outlines Minefield
8
US States
More Movies Quizzes
64 Random Movie Scenes VII
Quiz Lab
Trending Quizzes
Colored Red Europe Blitz I
Colored Red Europe Blitz II
Colored Red Africa Blitz II
Colored Red Europe Blitz III
Colored Red Africa Blitz III
Recently Updated
How Do You Spell That?
pecheneg
Godzilla Movies
pecheneg
Grab Bag: 4-10 Letters
pecheneg
2024 March Madness Bracket
pecheneg
Famous TV Couples
Peacemaker
Champions League XIs: Real Madrid
pecheneg
Largest US Cities 1790-2010
pecheneg
Rides in Walt Disney World
pecheneg
Most Oscar Losses (Acting)
pecheneg
Beyoncé Albums
pecheneg
Trending Topics
NBA
Crossword
Anime
Harry Potter
Kpop
Marvel
Disney
Song
WWE
Soccer
Puzzle
Country
NFL
The Office
Pokémon
Your Account Isn't Verified!
In order to create a playlist on Sporcle, you need to verify the email address you used during registration. Go to your
Sporcle Settings
to finish the process.
Report this User
Report this user for behavior that violates our
Community Guidelines
.
Details:
Send Report
Go to the Sporcle.com Mobile Site →
Comments